000 00645nam a2200241Ia 4500
003 OSt
005 20220924122253.0
006 a|||||r|||| 00| 0
007 ta
008 220923b |||||||| |||| 00| 0 urd d
020 _c10
024 _a314409
037 _cTextual
040 _aARTS
_cARTS
_burd
041 _2urd
_aurd
082 _aO153,1N19,1, 168M3
100 _aAmrita Pritam
_963850
245 0 _aKaghaz aur kainoos
260 _aLahore
_bMaktaba-Shora-r-Adab Pakistan
_c1983
650 _aURDU POETRY
942 _hO153,1N19,1, 168M3
_cTEXL
_2CC
999 _c411011
_d411011